[Event "DEN-ch G7-1"]
[Site "Svendborg"]
[Date "2019.04.20"]
[Round "5"]
[White "Fogh, Jens Olaf Svanholm"]
[Black "Jensen, Morten Frank"]
[Result "1-0"]
[WhiteElo "2099"]
[BlackElo "2024"]
[PlyCount "93"]
[EventDate "2019.04.16"]
[EventType "swiss"]
[EventRounds "7"]
[EventCountry "DEN"]
[SourceTitle "EXT 2020"]
[Source "ChessBase"]
[SourceDate "2019.10.17"]
[SourceVersion "1"]
[SourceVersionDate "2019.10.17"]
[SourceQuality "1"]

1. d4 g6 2. Nf3 Bg7 3. c4 c5 4. d5 d6 5. Qc2 Nf6 6. Nc3 0-0 7. Bf4 a6 8. a4 b6 9. h3 e6 10. e4 exd5 11. cxd5 Re8 12. Be2 Nh5 13. Be3 Ra7 14. Nd2 Nf6 15. 0-0 Rae7 16. Rab1 a5 17. Bb5 Bd7 18. Qd3 Bxb5 19. Qxb5 Nxe4 20. Ndxe4 Rxe4 21. Nxe4 Rxe4 22. Bd2 Nd7 23. Bc3 Nf6 24. Rfe1 Qe8 25. Qxe8+ Rxe8 26. Bxf6 Rxe1+ 27. Rxe1 Bxf6 28. Re8+ Kg7 29. b3 Bd4 30. Kf1 Kf6 31. Ke2 h5 32. f4 c4 33. bxc4 Kf5 34. Kf3 Kf6 35. Re2 Kf5 36. g4+ hxg4+ 37. hxg4+ Kf6 38. Ke4 Bc5 39. Rh2 Kg7 40. g5 Bb4 41. f5 Ba3 42. f6+ Kg8 43. Kf4 Bc1+ 44. Kg4 Be3 45. Re2 Bd4 46. Re8+ Kh7 47. Rf8 1-0

[Event "DEN-ch G7-1"]
[Site "Svendborg"]
[Date "2019.04.18"]
[Round "3"]
[White "Fogh, Jens Olaf Svanholm"]
[Black "Rossen, Claus"]
[Result "1/2-1/2"]
[WhiteElo "2099"]
[BlackElo "2159"]
[PlyCount "54"]
[EventDate "2019.04.16"]
[EventType "swiss"]
[EventRounds "7"]
[EventCountry "DEN"]
[SourceTitle "EXT 2020"]
[Source "ChessBase"]
[SourceDate "2019.10.17"]
[SourceVersion "1"]
[SourceVersionDate "2019.10.17"]
[SourceQuality "1"]

1. d4 Nf6 2. Nf3 g6 3. c4 Bg7 4. e3 0-0 5. Be2 d5 6. cxd5 Nxd5 7. e4 Nb6 8. Be3 c5 9. Nc3 cxd4 10. Bxd4 Nc6 11. Bxg7 Kxg7 12. Qc1 Bg4 13. Nd2 Bxe2 14. Nxe2 Rc8 15. Qc3+ e5 16. Qb3 Na5 17. Qb5 Nac4 18. Nxc4 Nxc4 19. Rd1 Qa5+ 20. Qxa5 Nxa5 21. Rc1 Rxc1+ 22. Nxc1 Rd8 23. Ke2 Nc6 24. Nd3 Nd4+ 25. Ke3 Nc2+ 26. Ke2 Nd4+ 27. Ke3 Nc2+ 1/2-1/2

[Event "Aarhus-ch"]
[Site "Aarhus"]
[Date "2019.02.17"]
[Round "7"]
[White "Fogh, Jens Olaf Svanholm"]
[Black "Vinter Schou, Uffe"]
[Result "0-1"]
[WhiteElo "2062"]
[BlackElo "2347"]
[PlyCount "130"]
[EventDate "2019.02.14"]
[EventType "swiss"]
[EventRounds "7"]
[EventCountry "DEN"]
[SourceTitle "EXT 2021"]
[Source "ChessBase"]
[SourceDate "2020.10.23"]
[SourceVersion "1"]
[SourceVersionDate "2020.10.23"]
[SourceQuality "1"]

1. d4 Nf6 2. Nf3 g6 3. e3 Bg7 4. Be2 0-0 5. 0-0 c5 6. c3 b6 7. Nbd2 Bb7 8. Qc2 Qc7 9. Re1 Nc6 10. e4 cxd4 11. cxd4 Rac8 12. Qa4 d5 13. e5 Ng4 14. Nf1 f6 15. h3 Nh6 16. exf6 exf6 17. Bd3 a6 18. Bd2 b5 19. Qb3 Rfd8 20. a4 b4 21. Ne3 Nf7 22. Rac1 Qd6 23. a5 Bf8 24. Qa4 Qc7 25. Nc2 Qxa5 26. Qxa5 Nxa5 27. Bxb4 Nb3 28. Rcd1 Nd6 29. Na1 Nxa1 30. Rxa1 Rc6 31. Ra2 Ne4 32. Bxf8 Kxf8 33. Rea1 Rdd6 34. Ra5 Rb6 35. R1a2 Ke7 36. R5a3 g5 37. b3 Rdc6 38. Ra1 h5 39. g3 Rc3 40. Bxe4 dxe4 41. Nd2 Rd6 42. Nc4 Rxd4 43. Ne3 Rdd3 44. Rb1 Ke6 45. g4 h4 46. Rb2 Rc1+ 47. Kg2 Re1 48. Rc2 Kd7 49. Kh2 Rb1 50. Ra5 Rdxb3 51. Rf5 Ke6 52. Rc7 R1b2 53. Kg1 Rb5 54. Rh7 Rb1+ 55. Kg2 Bc6 56. Rc7 Rc1 57. Rxb5 axb5 58. Ra7 b4 59. Ra2 Kd6 60. Rb2 Kc5 61. Kh2 Rc3 62. Nd1 Rd3 63. Ne3 b3 64. Nf1 Kb4 65. Nd2 Kc3 0-1

[Event "DEN-ch G7-1"]
[Site "Svendborg"]
[Date "2018.04.02"]
[Round "7"]
[White "Gregor, Bjarke"]
[Black "Fogh, Jens Olaf Svanholm"]
[Result "0-1"]
[WhiteElo "1914"]
[BlackElo "2052"]
[PlyCount "82"]
[EventDate "2018.03.27"]
[EventType "swiss"]
[EventRounds "7"]
[EventCountry "DEN"]
[SourceTitle "EXT 2019"]
[Source "ChessBase"]
[SourceDate "2018.10.10"]
[SourceVersion "1"]
[SourceVersionDate "2018.10.10"]
[SourceQuality "1"]

1. e4 e6 2. d4 d5 3. Nc3 dxe4 4. Nxe4 Nd7 5. Nf3 Ngf6 6. Bd3 Nxe4 7. Bxe4 Nf6 8. Bg5 h6 9. Bxf6 Qxf6 10. Qd3 Bd6 11. Qb5+ Ke7 12. 0-0 c6 13. Qe2 Rd8 14. c4 c5 15. dxc5 Bxc5 16. Rfd1 Bd7 17. Rab1 Rab8 18. b4 Bb6 19. c5 Bc7 20. b5 g5 21. Nd4 Qe5 22. g3 Qxc5 23. Qf3 Qb6 24. Nc6+ bxc6 25. bxc6 Qa5 26. Rxb8 Bxb8 27. cxd7 Qxa2 28. Bc6 Bd6 29. Qc3 Qa6 30. Ra1 Qb6 31. Rc1 Bb4 32. Qg7 Bc5 33. Qxh6 Bxf2+ 34. Kg2 Be3 35. Rc2 Qb1 36. Qh7 g4 37. Qh4+ Kd6 38. Rd2+ Kc7 39. Qxg4 Bxd2 40. Qc4 Qb4 41. Qc2 Qc3 0-1

[Event "DEN-ch G7-1"]
[Site "Skorping"]
[Date "2017.04.15"]
[Round "5"]
[White "Fogh, Jens Olaf Svanholm"]
[Black "Kristensen, Peter"]
[Result "1-0"]
[WhiteElo "1983"]
[BlackElo "2018"]
[PlyCount "53"]
[EventDate "2017.04.11"]
[EventType "swiss"]
[EventRounds "7"]
[EventCountry "DEN"]
[SourceTitle "EXT 2018"]
[Source "ChessBase"]
[SourceDate "2017.10.13"]
[SourceVersion "1"]
[SourceVersionDate "2017.10.13"]
[SourceQuality "1"]

1. Nf3 Nf6 2. d4 e6 3. e3 c5 4. Bd3 d5 5. b3 Nbd7 6. Nbd2 b6 7. Bb2 Bb7 8. 0-0 Be7 9. Ne5 0-0 10. Rc1 Rc8 11. Qe2 Qc7 12. c4 cxd4 13. exd4 Qb8 14. f4 dxc4 15. bxc4 Rfe8 16. Rce1 Bd6 17. Qf2 Qc7 18. Ndf3 Nf8 19. Re3 Ng6 20. Bxg6 hxg6 21. Ng5 Bxe5 22. fxe5 Ng4 23. Qh4 Nxe3 24. Qh7+ Kf8 25. Qh8+ Ke7 26. Rxf7+ Kd8 27. Nxe6# 1-0

[Event "Copenhagen Obro New Year op"]
[Site "Copenhagen"]
[Date "2015.12.27"]
[Round "2"]
[White "Thybo, Jesper Sondergaard"]
[Black "Fogh, Jens Olaf Svanholm"]
[Result "1/2-1/2"]
[WhiteElo "2289"]
[BlackElo "2128"]
[PlyCount "203"]
[EventDate "2015.12.27"]
[EventType "swiss"]
[EventRounds "7"]
[EventCountry "DEN"]
[SourceTitle "EXT 2018"]
[Source "ChessBase"]
[SourceDate "2017.10.13"]
[SourceVersion "1"]
[SourceVersionDate "2017.10.13"]
[SourceQuality "1"]

1. d4 d5 2. c4 c6 3. Nf3 Nf6 4. e3 Bg4 5. Nc3 e6 6. Qb3 Qc7 7. Ne5 Bf5 8. Be2 Nbd7 9. f4 Nxe5 10. fxe5 Ne4 11. cxd5 exd5 12. 0-0 Bg6 13. Bf3 Ng5 14. Bg4 Ne4 15. Bf5 Bxf5 16. Rxf5 Qd7 17. Rf1 Nxc3 18. bxc3 Be7 19. e4 0-0 20. exd5 cxd5 21. a4 b6 22. Qb5 Qe6 23. Bd2 Rfc8 24. a5 Rcb8 25. axb6 Rxb6 26. Qa5 a6 27. c4 Rd8 28. c5 Rc6 29. Rfb1 f6 30. Bf4 Rdc8 31. Re1 Qg4 32. Qd2 Re6 33. h3 Qf5 34. Rf1 Qg6 35. Rae1 fxe5 36. Bxe5 Bf6 37. Bxf6 Rxf6 38. Rxf6 Qxf6 39. Qe3 h6 40. Qe6+ Qxe6 41. Rxe6 Ra8 42. Rd6 a5 43. c6 Rc8 44. Rxd5 Rxc6 45. Rxa5 Rc2 46. Re5 Kf7 47. Kh2 Rd2 48. Re4 Rd3 49. Rf4+ Ke6 50. Re4+ Kf5 51. Re5+ Kf6 52. Re4 Kf5 53. Re7 g6 54. Rf7+ Ke6 55. Rf4 g5 56. Re4+ Kf5 57. Re5+ Kf6 58. Rd5 h5 59. Rd6+ Kf5 60. Rd8 g4 61. h4 Ke4 62. Re8+ Kxd4 63. Rh8 Ke4 64. Rxh5 Kf4 65. Rh8 Kf5 66. Rh5+ Kf4 67. Ra5 Rc3 68. Ra8 Rb3 69. Rf8+ Ke5 70. h5 Ke4 71. h6 Rb6 72. Rh8 Kf5 73. Kg3 Kg5 74. Rg8+ Kxh6 75. Rxg4 Kh7 76. Re4 Ra6 77. Re5 Kg6 78. Kh4 Rb6 79. Rc5 Kf6 80. Kh5 Kg7 81. Rc7+ Kg8 82. g4 Ra6 83. g5 Rb6 84. Ra7 Rc6 85. Kg4 Rb6 86. Ra5 Rc6 87. Kf5 Rb6 88. Rc5 Ra6 89. Rc8+ Kg7 90. Rc7+ Kg8 91. Ke5 Rb6 92. Rc3 Ra6 93. Rf3 Kg7 94. Kf5 Ra5+ 95. Kg4 Ra4+ 96. Kh5 Ra6 97. Rc3 Rb6 98. Rc8 Ra6 99. Rc5 Rb6 100. g6 Rb1 101. Rc7+ Kg8 102. Rf7 1/2-1/2

[Event "North Sea Cup 23th"]
[Site "Esbjerg"]
[Date "2008.07.16"]
[Round "8"]
[White "Fogh, Jens Olaf Svanholm"]
[Black "Bach, Matthias"]
[Result "0-1"]
[WhiteElo "2032"]
[BlackElo "2272"]
[PlyCount "88"]
[EventDate "2008.07.11"]
[EventType "swiss"]
[EventRounds "10"]
[EventCountry "DEN"]
[SourceTitle "CBM 125 Extra"]
[Source "ChessBase"]
[SourceDate "2008.09.01"]
[SourceVersion "1"]
[SourceVersionDate "2008.09.01"]
[SourceQuality "1"]

1. d4 b5 2. e4 Bb7 3. f3 b4 4. Be3 e6 5. Bd3 Nf6 6. Ne2 d5 7. e5 Nfd7 8. 0-0 c5 9. c3 Nc6 10. f4 g6 11. Nd2 Qb6 12. Nf3 Be7 13. g4 0-0-0 14. Qd2 h5 15. g5 c4 16. Bc2 bxc3 17. bxc3 Ba6 18. Rfb1 Qa5 19. Qd1 Kc7 20. Bc1 Ba3 21. Bxa3 Qxa3 22. Qc1 Qxc1+ 23. Nxc1 Rb8 24. Rxb8 Rxb8 25. Rb1 Rxb1 26. Bxb1 Bb5 27. Bc2 Nb6 28. Kf2 Ba4 29. Bxa4 Nxa4 30. Ne2 Nb2 31. Ke1 Nd3+ 32. Kd2 Ne7 33. Ne1 Nf2 34. h4 Nf5 35. Ng2 Kb6 36. Kc2 Kb5 37. Kb2 Nd1+ 38. Kc2 Nde3+ 39. Nxe3 Nxe3+ 40. Kb2 Nf5 41. Ng1 Nxh4 42. Ne2 Nf5 43. Ng1 h4 44. a3 a6 0-1

[Event "North Sea Cup 23th"]
[Site "Esbjerg"]
[Date "2008.07.15"]
[Round "7"]
[White "Hansen, Ib Lynaes"]
[Black "Fogh, Jens Olaf Svanholm"]
[Result "0-1"]
[WhiteElo "1926"]
[BlackElo "2032"]
[PlyCount "80"]
[EventDate "2008.07.11"]
[EventType "swiss"]
[EventRounds "10"]
[EventCountry "DEN"]
[SourceTitle "CBM 125 Extra"]
[Source "ChessBase"]
[SourceDate "2008.09.01"]
[SourceVersion "1"]
[SourceVersionDate "2008.09.01"]
[SourceQuality "1"]

1. e4 c6 2. d4 d5 3. Nd2 dxe4 4. Nxe4 Bf5 5. Ng3 Bg6 6. Nf3 Nd7 7. Bd3 Ngf6 8. 0-0 e6 9. c4 Bd6 10. b3 0-0 11. Bb2 Rb8 12. Ne5 Bxe5 13. Bxg6 Bxg3 14. Bxf7+ Rxf7 15. hxg3 c5 16. Qe2 Re7 17. Rad1 Qe8 18. Ba3 b6 19. Rfe1 Qh5 20. f3 Rbe8 21. b4 cxd4 22. Rxd4 e5 23. Rh4 Qg6 24. c5 Qxg3 25. Rh3 Qf4 26. c6 Nf8 27. b5 Re6 28. Bc1 Qd4+ 29. Be3 Qd6 30. Rd1 Qc7 31. Qd2 Ng6 32. g3 Ne7 33. a4 Nf5 34. Bf2 Rd6 35. Qa2+ Kh8 36. Re1 e4 37. Kh1 e3 38. Bg1 Rd2 39. Qb1 Qxg3 40. Rxg3 Nxg3# 0-1

[Event "North Sea Cup 23th"]
[Site "Esbjerg"]
[Date "2008.07.11"]
[Round "1"]
[White "Christensen, Michael"]
[Black "Fogh, Jens Olaf Svanholm"]
[Result "0-1"]
[WhiteElo "1509"]
[BlackElo "2032"]
[PlyCount "54"]
[EventDate "2008.07.11"]
[EventType "swiss"]
[EventRounds "10"]
[EventCountry "DEN"]
[SourceTitle "CBM 125 Extra"]
[Source "ChessBase"]
[SourceDate "2008.09.01"]
[SourceVersion "1"]
[SourceVersionDate "2008.09.01"]
[SourceQuality "1"]

1. Nf3 d5 2. d4 g6 3. c4 c6 4. Nc3 Bg7 5. e3 Nf6 6. cxd5 cxd5 7. Bd3 0-0 8. h3 Nc6 9. Bd2 Bd7 10. 0-0 Rc8 11. Rc1 e6 12. Ne5 Nxe5 13. dxe5 Ne8 14. f4 f6 15. exf6 Nxf6 16. Qe2 Bc6 17. b3 Qd7 18. Bb5 Bxb5 19. Nxb5 Ne4 20. Rxc8 Rxc8 21. Rc1 Rxc1+ 22. Bxc1 Qc6 23. Ba3 a6 24. Nd4 Bxd4 25. exd4 Kf7 26. Qd3 Qc3 27. Qd1 Qe3+ 0-1

[Event "North Sea Cup 22nd"]
[Site "Esbjerg"]
[Date "2007.07.20"]
[Round "10"]
[White "Fogh, Jens Olaf Svanholm"]
[Black "Andersen, Morten"]
[Result "1/2-1/2"]
[WhiteElo "2051"]
[BlackElo "2202"]
[PlyCount "28"]
[EventDate "2007.07.13"]
[EventType "swiss"]
[EventRounds "10"]
[EventCountry "DEN"]
[SourceTitle "CBM 119 Extra"]
[Source "ChessBase"]
[SourceDate "2007.09.04"]
[SourceVersion "1"]
[SourceVersionDate "2007.09.04"]
[SourceQuality "1"]

1. d4 d5 2. Nf3 e6 3. e3 c5 4. b3 cxd4 5. exd4 Nf6 6. Bd3 Be7 7. 0-0 0-0 8. Nbd2 Nbd7 9. Ne5 Nxe5 10. dxe5 Nd7 11. f4 f5 12. c4 Nc5 13. Bc2 Ne4 14. Nxe4 dxe4 1/2-1/2

[Event "Politiken Cup 28th"]
[Site "Copenhagen"]
[Date "2006.07.30"]
[Round "9"]
[White "Fogh, Jens Olaf Svanholm"]
[Black "Frisk, Ellinor"]
[Result "0-1"]
[WhiteElo "2093"]
[BlackElo "1998"]
[PlyCount "130"]
[EventDate "2006.07.22"]
[EventType "swiss"]
[EventRounds "9"]
[EventCountry "DEN"]
[SourceTitle "CBM 113 Extra"]
[Source "ChessBase"]
[SourceDate "2006.09.14"]
[SourceVersion "1"]
[SourceVersionDate "2006.09.14"]
[SourceQuality "1"]

1. d4 d5 2. Nf3 Nf6 3. e3 Bf5 4. Bd3 Bxd3 5. Qxd3 c6 6. c4 dxc4 7. Qxc4 e6 8. Nc3 Be7 9. 0-0 0-0 10. e4 Nbd7 11. Bf4 Rc8 12. Rad1 Qa5 13. a3 a6 14. Ng5 Qd8 15. Nh3 h6 16. Qe2 Re8 17. Rd3 Nf8 18. Rg3 Ng6 19. Be3 c5 20. Rd1 Qc7 21. e5 Nd5 22. Nxd5 exd5 23. Nf4 cxd4 24. Rxd4 Qxe5 25. Nxg6 fxg6 26. Qd2 Rcd8 27. Bf4 Qf5 28. h3 Bf6 29. Rdd3 Kh7 30. b3 Re4 31. Rgf3 Qe6 32. a4 Be7 33. Rd4 Rd7 34. Rfd3 Rxd4 35. Rxd4 Bc5 36. Rd3 Qe4 37. Bg3 Bb6 38. b4 d4 39. a5 Bd8 40. f3 Qd5 41. Bf2 Bf6 42. Qd1 Qc4 43. Qb1 Rd5 44. Be1 Be7 45. Kh1 Bd6 46. Kg1 Bb8 47. Bf2 Ba7 48. Kh1 Rb5 49. Be1 b6 50. Qd1 bxa5 51. bxa5 Rb2 52. Kg1 Qa2 53. Rd2 d3+ 54. Kf1 Rxd2 55. Qxd2 Qc4 56. Bf2 Bb8 57. Be1 Bd6 58. Kf2 Bc5+ 59. Kf1 Qb5 60. h4 h5 61. g3 Qc4 62. Kg2 Kg8 63. Qg5 Qd4 64. f4 Qg1+ 65. Kf3 Qh1# 0-1

[Event "Politiken Cup 28th"]
[Site "Copenhagen"]
[Date "2006.07.23"]
[Round "2"]
[White "Fogh, Jens Olaf Svanholm"]
[Black "Hoi, Carsten"]
[Result "0-1"]
[WhiteElo "2093"]
[BlackElo "2386"]
[PlyCount "72"]
[EventDate "2006.07.22"]
[EventType "swiss"]
[EventRounds "9"]
[EventCountry "DEN"]
[SourceTitle "CBM 113 Extra"]
[Source "ChessBase"]
[SourceDate "2006.09.14"]
[SourceVersion "1"]
[SourceVersionDate "2006.09.14"]
[SourceQuality "1"]

1. d4 Nf6 2. Nf3 g6 3. Bf4 d6 4. Nbd2 Bg7 5. h3 0-0 6. c3 Nbd7 7. e4 Nh5 8. Bg5 h6 9. g4 Nhf6 10. Bh4 e5 11. g5 hxg5 12. Bxg5 Qe8 13. d5 c6 14. c4 cxd5 15. cxd5 Nc5 16. Bxf6 Bxf6 17. Qe2 Bd7 18. 0-0-0 Rc8 19. Kb1 Kg7 20. Qe3 Rh8 21. Rh2 b5 22. Ng5 Qe7 23. Ndf3 Rh5 24. Rg2 Rch8 25. h4 Bxg5 26. hxg5 Nxe4 27. Bd3 Nc5 28. Bc2 Rh3 29. Rg3 Rh1 30. Rgg1 Rxg1 31. Rxg1 Rh3 32. Qe2 Qe8 33. Rc1 Bg4 34. Qf1 Rxf3 35. Qg2 Rf4 36. Bd1 Bf5+ 0-1

[Event "North Sea Cup 21st"]
[Site "Esbjerg"]
[Date "2006.07.11"]
[Round "5"]
[White "Huettemann, Ralf"]
[Black "Fogh, Jens Olaf Svanholm"]
[Result "0-1"]
[WhiteElo "1936"]
[BlackElo "2093"]
[PlyCount "92"]
[EventDate "2006.07.08"]
[EventType "swiss"]
[EventRounds "9"]
[EventCountry "DEN"]
[SourceTitle "CBM 113 Extra"]
[Source "ChessBase"]
[SourceDate "2006.09.14"]
[SourceVersion "1"]
[SourceVersionDate "2006.09.14"]
[SourceQuality "1"]

1. e4 e5 2. Nc3 Nf6 3. f4 d5 4. fxe5 Nxe4 5. Nf3 Be7 6. d3 Nxc3 7. bxc3 c5 8. d4 c4 9. Be2 Bf5 10. 0-0 Be6 11. Qe1 h6 12. Rb1 Qd7 13. Qg3 g5 14. Ne1 Nc6 15. Bh5 Rh7 16. h3 0-0-0 17. Rf6 Bxf6 18. exf6 Qd6 19. Qxd6 Rxd6 20. Ba3 Rd8 21. g4 Re8 22. Nf3 Bd7 23. Re1 Rxe1+ 24. Nxe1 Nb8 25. Nf3 Kd8 26. Bd6 Nc6 27. Kf2 Be6 28. Ne5 Nxe5 29. dxe5 Kd7 30. Ke3 Rh8 31. Kd4 Rc8 32. a3 Ke8 33. Bb4 Rc6 34. Ke3 b6 35. Kd4 a5 36. Be7 Rc7 37. Bd6 Rd7 38. Bb8 Kd8 39. Ke3 Kc8 40. Bd6 Rxd6 41. exd6 Kd7 42. h4 Kxd6 43. hxg5 hxg5 44. Kd4 b5 45. Ke3 Ke5 46. Kf3 d4 0-1